000 00267nam a2200097Ia 4500
001 688559
005 20250826161617.0
008 250824s9999 xx 000 0 und d
245 0 _aFİRAVUNUN ÖLDÜREMEDİĞİ MUSADIR
_cHEKİMOĞLU İSMAİL
260 _bTİMAŞ YAYINLARI
999 _c688559
_d688559